1769 1833 1821 1221 1131 1225 1443 1388 1132 1673 1290 1975 1991 1344 1018 1848 1795 1666 1508 1946 1259 1927 1109 1198 1662 1500 1291 1967 1992 1979 1984 1797 1507 1395 1349 1654 1511 1311 1895 1861 1381 1509 1836 1953 1786 1837 1758 1549 1095 1279 1284 1052 1513 1415 1874 1965 1637 1927 1949 1299 1811 1505 1769 1833 1998 1308 1045 1075 1724 1966 1766 1853 1404 1876 1658 1086 1311 1036 1645 1944 1982 1923 1612 1585 1488 1934 1481 1657 1564 1237 1708 1690 1915 1098 1595 1201 1293 1604 1122 BCNSPRNW ULIB Ver.6.0+V

เปลี่ยนเป็นภาษาไทย

Change to English
 แสดงรายละเอียดบรรณานุกรม
  กลับหน้าหลัก

Brief Record : Get Marc (ISO 2709) : E-mail record : QR code < ปิดหน้าต่าง
LEADER : 00000nam 2200000uu 4500
001    13399114378
003     ULIB
008    120327s2550||||th 000 0 tha d
020    ^a9789749492758 (เล่ม 1)
020    ^a9789748130040 (เล่ม 2)
020    ^a9789747046410 (เล่ม 3)
020    ^a9789741316694 (เล่ม 4)
050  4 ^aBQ4190^bพ358ธ 2550-
100 0  ^aพระมหาสมปอง ตาลปุตฺโต.
245 10 ^aธรรมะเดลิเวอรี่ เล่ม 3ธรรมะวัยรุ่น /^cพระมหาสมปอง ตาลปุตฺโต ; สุภาพรรณ เยี่ยมชัยภูมิ, บรรณาธิการ.
246 34 ^aธรรมะ Delivery.
260    ^aกรุงเทพฯ :^bPhisit Thaioffset,^c2550-
300    ^aเล่ม :^bภาพประกอบ ;^c19 ซม.
505 2  ^aเล่ม 1 ธรรมะวัยรุ่น -- เล่ม 2 ธรรมะคู่รัก -- เล่ม 3ธรรมะวัยทำงาน -- เล่ม 4 ธรรมะครอบครัว.
650  4 ^aธรรมะกับชีวิตประจำวัน.
650  4 ^aการดำเนินชีวิต.
700 0  ^aสุภาพรรณ เยี่ยมชัยภูมิ.
850    ^aเล่ม 1-4
945    ^p163^l0^i15415
995    ^aกัณชพร
999    ^aใช้งานได้ทุกระบบ
รายการนี้ยังไม่มีแท็ก
คุณยังไม่ได้ล็อกอิน คุณสามารถมีกิจกรรมร่วมกับเว็บไซต์ได้ แต่ต้องล็อกอินก่อน ::
  ล็อกอิน

รายการสื่อสารสนเทศ

ลำดับที่ ประเภท เลขเรียก/บาร์โค้ด สถานที่ สถานะ
- ไม่พบข้อมูล -

รายการใกล้เคียง
    ผู้แต่ง [พระมหาสมปอง ตาลปุตฺโต.]

    หัวเรื่อง [ธรรมะกับชีวิตประจำวัน.]
    หัวเรื่อง [การดำเนินชีวิต.]

BibComment


ยังไม่เคยถูกคอมเมนท์

คอมเมนท์ทรัพยากรรายการนี้
  คอมเมนท์: ธรรมะเดลิเวอรี่ ..


 Copyright 2026. Bcnsprnw @Library